| Поле | Инд. | ПП | Название | Значение |
|---|---|---|---|---|
| Тип записи | a | |||
| Библиографический уровень | m | |||
| 001 | Контрольный номер | 69e78dcd-21eb-434c-82b6-8b7bc56cde7d | ||
| 005 | Дата корректировки | 20140226164533.4 | ||
| 008 | Кодируемые данные | 20001104s?a aznnnabbn zn aan | ||
| 020 | a | ISBN | 5-03-000960-4 (в пер.) | |
| c | Цена, тираж | 2.10 | ||
| 040 | a | Служба первич. каталог. | RU-RKP | |
| a | Служба первич. каталог. | НБ ТвГУ | ||
| 041 | a | Код языка текста | rus | |
| 080 | a | Индекс УДК | 512.643 | |
| 084 | a | Индекс другой классификации/Индекс ББК | В143 | |
| 090 | x | Авторский знак | П34 | |
| a | Полочн. индекс | В143 | ||
| 092 | a | 27.17 | ||
| 100 | 1_ | a | Автор | Писсанецки Серхио |
| 245 | 00 | a | Заглавие | Технология разреженных матриц |
| c | Ответственность | С. Писсанецки; Пер. с англ. Х. Д. Икрамова, И. Е. Капорина; Под ред. Х. Д. Икрамова | ||
| 260 | 0_ | a | Место издания | Москва |
| b | Издательство | Мир | ||
| c | Дата издания | 1988 | ||
| 300 | a | Объем | 411 с. | |
| b | Иллюстрации/ тип воспроизводства | ил. | ||
| c | Размеры | 22 см | ||
| 500 | a | Примечание | Перевод изд.: Sparse matrix technology / Sergio Pissanetzky (London etc., 1984) | |
| 504 | a | Библиография | Библиогр.: с. 343-353, 396-397. - Предм. указ. : с. 398-406 | |
| 650 | a | Основная рубрика | Матрицы разреженные | |
| 650 | a | Основная рубрика | Алгебра | |
| 653 | a | Ключевые слова | Матрицы | |
| a | Ключевые слова | Разреженные матрицы | ||
| a | Ключевые слова | Вычисление матриц | ||
| 700 | 1_ | a | Другие авторы | Икрамов Х. Д. |
| e | Роль лиц | ред. | ||
| 700 | 1_ | a | Другие авторы | Капорин И. Е. |
| e | Роль лиц | пер. | ||
| 852 | t | Порядковый номер экземпляра | 4 | |
| p | Инвентарный номер | 593768 | ||
| p | Инвентарный номер | 593771 | ||
| p | Инвентарный номер | 593770 | ||
| p | Инвентарный номер | 593769 | ||
| 954 | a | Дата поступления на обработку | 20020619 | |
| 999 | a | Подразделение 2 | Фил3 |